000 00725nam a22002417a 4500
003 OSt
005 20220924113707.0
006 a|||||r|||| 00| 0
007 ta
008 220923b |||||||| |||| 00| 0 eng d
024 _a234915
037 _cGeneral Books
040 _aARTS
_cARTS
_beng
041 _2eng
_aeng
082 _aO111,3x, 153LO
100 _aਡੰਕਨ, ਮਾਰਗਰਟ
245 0 _aਸਾਹਸ ਦੇ ਰੂਪ
260 _aਪੰਜਾਬ
_b ਭਾFਾ ਵਿਭਾਗ
_c1970
300 _a74ਪੰ
650 _aਅੰਗ੍ਰੇਜੀ ਸਾਹਿਤ
_9170405
942 _hO111,3x, 153LO
_cGB
_2CC
999 _c390488
_d390488